Ballon d'Or - classement 2007 - Statistiques

Statistiques générales
  • Ce quiz a été pris 64 fois
  • Le résultat moyen est 26 sur 35
Statistiques - réponses
Poste Club Nationalité Rang Réponse % Correct
Attaquant Manchester United Portugal 2 Cristiano Ronaldo
100%
Attaquant Chelsea Côte d'Ivoire 4 Didier Drogba
100%
Attaquant FC Barcelone Argentine 3 Lionel Messi
100%
Milieu Milan AC Brésil 1 Kaká
98%
Attaquant Inter Milan Suède 7 Zlatan Ibrahimović
98%
Attaquant AS Rome Italie 10 Francesco Totti
88%
Attaquant FC Barcelone Cameroun 31 Samuel Eto'o
88%
Milieu Milan AC Italie 5 Andrea Pirlo
87%
Gardien Real Madrid Espagne 27 Iker Casillas
87%
Attaquant FC Barcelone France 22 Thierry Henry
85%
Milieu Bayern Munich France 17 Franck Ribéry
83%
Gardien Juventus Italie 19 Gianluigi Buffon
83%
Gardien Chelsea République Tchèque 20 Petr Čech
83%
Milieu Liverpool Angleterre 13 Steven Gerrard
83%
Attaquant Real Madrid Pays Bas 6 Ruud van Nistelrooy
82%
Défenseur Milan AC Italie 18 Paolo Maldini
80%
Attaquant Arsenal Pays Bas 35 Robin van Persie
80%
Attaquant Manchester United Angleterre 26 Wayne Rooney
80%
Milieu Arsenal Espagne 8 Cesc Fàbregas
78%
Défenseur Real Madrid Italie 24 Fabio Cannavaro
77%
Milieu Manchester United Pays de Galles 32 Ryan Giggs
77%
Milieu FC Barcelone Brésil 12 Ronaldinho
75%
Milieu Chelsea Ghana 25 Michael Essien
72%
Attaquant Tottenham Bulgarie 30 Dimitar Berbatov
70%
Attaquant Milan AC Italie 16 Filippo Inzaghi
70%
Milieu Milan AC Italie 21 Gennaro Gattuso
70%
Milieu Milan AC Pays Bas 23 Clarence Seedorf
63%
Gardien Club América Mexique 33 Guillermo Ochoa
62%
Attaquant Real Madrid Brésil 9 Robinho
60%
Milieu Villarreal Argentine 14 Juan Román Riquelme
58%
Défenseur FC Séville Brésil 15 Dani Alves
45%
Attaquant Manchester United Argentine 34 Carlos Tévez
43%
Attaquant FC Séville Mali 11 Frédéric Kanouté
38%
Gardien São Paulo FC Brésil 28 Rogerio Ceni
20%
Attaquant Al-Gharafa Irak 29 Younis Mahmoud
7%
Aucun quiz correspondant
Distribution des résultats
% des personnes avec chaque résultat
Percentile par nombre de réponses
Votre historique - résultats
Vous n’avez pas pris ce quiz